00461nam a2200193Ia 4500003000900000008004100009040001300050040001300063041000800076100002700084245007900111250001100190260001200201260000900213300001100222300001000233490001800243490000600261IT-RoPAU120407s9999 xx 000 0 und d aIT-RoPAU cIT-RoPAU aita aIuvenal Decimus Iunius aSatire. Trad. e note di Ettore Barelli. Testo latino a fronte. 3a ed. aMilano aRizzoli c1982 a421 p. c18 cm aClassici Bur. v1